Možnosti zisťovania dielčích výsledkov hospodárenia v účtovníctve Slovenskej republike diplomová práca

Na minha lista:
Detalhes bibliográficos
Autor principal: Martišová, Veronika
Autor Corporativo: Fakulta hospodárskej informatiky EU. Katedra účtovníctva a audítorstva
Outros Autores: Podmanická, Martina, 1977-
Formato: Livro
Idioma:eslovaco
Publicado em: Bratislava 2019
Tags: Adicionar Tag
Sem tags, seja o primeiro a adicionar uma tag!

MARC

LEADER 00000nbm a2200000 4500
001 0254213
005 20200113075553.9
041 0 |a slo 
044 |a SK 
245 1 0 |a Možnosti zisťovania dielčích výsledkov hospodárenia v účtovníctve Slovenskej republike  |b diplomová práca  |c Veronika Martišová ; školiteľ: Martina Podmanická 
264 1 |a Bratislava  |c 2019 
300 |a 82 s. 
100 1 |a Martišová, Veronika 
700 1 |a Podmanická, Martina, 1977- 
710 2 |a Fakulta hospodárskej informatiky EU. Katedra účtovníctva a audítorstva